[Event "Linz"]
[Site "Linz"]
[Date "1997.05.21"]
[Round "5"]
[White "Romanishin, Oleg M"]
[Black "Beim, Valery"]
[Result "0-1"]
[WhiteElo "2555"]
[BlackElo "2555"]
[Annotator "Stohl,I"]
[PlyCount "84"]
[EventDate "1997.05.17"]
[EventType "tourn"]
[EventRounds "9"]
[EventCountry "AUT"]
[EventCategory "12"]
[SourceTitle "CBM 059"]
[Source "ChessBase"]
[SourceDate "1997.08.01"]
[SourceVersion "1"]
[SourceVersionDate "1997.08.01"]
[SourceQuality "1"]

1. d4 d6 2. g3 g6 3. Bg2 Bg7 4. Nc3 Nf6 5. Nf3 O-O 6. O-O Nc6 (6... d5 $6 {
Giving 2 tempi can't be a very good idea, even though Nc3 is not placed
ideally.} 7. Re1 Bf5 8. Nh4 Bg4 9. Bg5 c6 10. Qd2 Nbd7 11. f3 Be6 12. e4 c5 13.
exd5 cxd4 14. dxe6 dxc3 15. bxc3 Qb6+ 16. Kh1 fxe6 17. Rab1 Qc7 18. Rxe6 Nc5
19. Bf4 Qd8 20. Re2 Qxd2 21. Bxd2 Nd5 22. f4 Rad8 23. c4 Nc3 24. Bxc3 Bxc3 25.
Bxb7 $18 {Ivanchuk,V-Topalov,V/Monaco blind/1997/}) (6... Nbd7 7. d5 $5 (7. e4
e5 {leads to a position from a g3 Pirc (B07). White's move is more ambitious.})
7... e5 8. dxe6 fxe6 9. Nd4 Qe7 10. Nb3 e5 11. a4 a5 12. e4 Nb6 13. Qd3 Be6 14.
Nd2 Qd7 15. b3 Bh3 16. Nc4 Bxg2 17. Kxg2 Nxc4 18. Qxc4+ Kh8 19. f3 Qf7 20. Qxf7
Rxf7 21. Be3 Rd7 22. Rad1 $14 {Sosonko,G-Ipavec,P/Bled opA/1997/}) 7. d5 (7. e4
e5 (7... Bg4 $5 8. h3 Bxf3 9. Bxf3 Nd7 10. Be3 e5 11. d5 Ne7 12. Qd2 f5 13. Bg5
Kh8 14. Bg2 Bf6 15. Bh6 Rf7 16. Rae1 a6 17. Be3 Qg8 18. Nd1 b6 19. Qc3 Rc8 20.
b4 f4 21. Bc1 h5 22. Qd3 g5 23. Kh1 g4 $1 24. gxf4 exf4 25. Bxf4 Ng6 $44 {
Beshukov,S-Gavrilov,A/Moscow II/1990/}) 8. dxe5 (8. d5 Ne7 $13 {[%cal Rc7c6] /
\c6<=>}) 8... dxe5 9. Bg5 Qxd1 10. Raxd1 Bg4 11. Rd2 Bxf3 12. Bxf3 Nd4 13. Kg2
c6 14. Na4 Ne6 15. Be3 Rfd8 16. Rxd8+ Rxd8 17. Rd1 Rxd1 18. Bxd1 b6 19. f3 Bf8
20. Nc3 Bc5 21. Bc1 b5 22. Ne2 Kf8 23. Bd2 Ke7 24. Nc1 Bb6 25. Be2 Nd7 26. Nb3
a6 $11 {Dzuban,O-Titov,G/URS-chT Azov/1991/}) 7... Na5 $5 {An unbelievable
idea, which is surprisingly the most common N retreat. In the King's Indian 
(E66) the Na5 at least attacks c4, here it makes less sense. But anyway it's
not easy to get anything tangible out of the opening for White. This game is a
continuation of a theoretical duel between the players, which started nearly 7
years ago.} ({Interesting is also} 7... Nb4 $5 8. e4 e6 9. h3 a5 10. Be3 Re8
11. a3 Na6 12. Re1 exd5 13. exd5 Bf5 14. Nd4 Be4 $1 15. Nxe4 Nxe4 16. c3 Nac5
17. a4 Re7 18. Nb3 Nxb3 19. Qxb3 Qe8 20. Bxe4 Rxe4 21. Bd2 b6 22. Rxe4 Qxe4 23.
Re1 Qd3 24. Bf4 Kf8 $11 {1/2,Boensch,U-Vogt,L/Halle2/1981/}) ({Rather passive
is} 7... Nb8 8. h3 c5 9. e4 Na6 10. Re1 Nc7 11. e5 (11. a4 $142 $14) 11... Nfe8
12. a4 b6 13. Na2 Bb7 14. c4 dxe5 15. Nxe5 Nd6 16. b3 e6 17. Nc3 exd5 18. Nxd5
Nxd5 19. cxd5 Re8 20. Bb2 Qc7 21. Qd3 Rad8 22. Rad1 f5 23. f4 $13 {1/2,
Kurajica,B-Quinteros,M/Novi Sad/1982/}) 8. Rb1 (8. Qd4 $6 Ng4 (8... c6 $142 $36
) 9. Qf4 c5 10. h3 Bh6 11. Ng5 f6 12. hxg4 Bxg5 13. Qe4 f5 14. gxf5 Bxf5 15.
Qa4 b5 16. Qxb5 Rb8 17. Qa6 Bxc1 18. Rfxc1 Rxb2 19. e4 Bc8 20. Qxa7 Rb7 21. Qa8
Qc7 22. Rab1 Rb4 23. a3 Bb7 24. Qa7 Rxb1 25. Rxb1 Ra8 26. Qb6 $16 {
Archangelsky,M-Mauro,A/Amantea op/1995/}) (8. e4 c6 (8... c5 9. Re1 Rb8 10. e5
Ne8 11. h3 b5 12. Rb1 Nc4 13. exd6 exd6 14. Bg5 f6 15. Bc1 Nc7 16. b3 Nb6 17.
b4 cxb4 18. Rxb4 a5 19. Rh4 b4 20. Nd4 Bd7 21. Ne4 Nbxd5 22. Nxd6 f5 23. N4xf5
Rxf5 24. Nxf5 Bxf5 25. Rc4 Bc3 26. Bg5 Qxg5 27. Bxd5+ Nxd5 28. Qxd5+ Kh8 29.
Rxc3 {1-0,Tu Hoang Thong-Saroinsong,H/Canberra/1995/}) (8... Bg4 $5 $13) 9. Re1
(9. h3 $5 {-8.h3}) 9... Bg4 10. h3 Bxf3 11. Qxf3 Rc8 12. Qe2 a6 13. dxc6 Nxc6
14. Be3 Nd7 15. Rad1 Na5 16. Bc1 Nc4 17. Nd5 Nxb2 18. Bxb2 Bxb2 19. Rb1 Bg7 20.
Rxb7 e6 21. Ne3 Nc5 22. Rbb1 Qc7 23. h4 Rfd8 24. h5 Qa5 25. hxg6 hxg6 26. c4
$11 {Smyslov-Speelman/Subotica izt/1987/}) ({Perhaps the best is} 8. h3 $5 c6
9. e4 cxd5 10. Nxd5 (10. exd5 $5 {is more ambitious.}) 10... Bd7 11. Re1 Rc8
12. c3 Nxd5 13. exd5 Nc4 14. a4 Re8 15. Nd2 Na5 16. Bf1 e6 17. Ne4 exd5 18. Bg5
Qb6 19. Nf6+ Bxf6 20. Bxf6 Re6 21. Bd4 Qxb2 22. Rb1 Qa2 23. Ra1 Qb3 (23... Qb2
$5 $11) 24. Qd2 Nc6 25. Reb1 Nxd4 26. cxd4 Rc2 27. Rxb3 Rxd2 28. Rxb7 Bc6 29.
Rxa7 $36 {[%csl Ga4] o^a,Romanishin,O-Beim,V/Groningen op/1990/}) (8. Nd4 Bd7
9. Nb3 c6 10. Nxa5 Qxa5 11. Bd2 Qb6 12. Rb1 cxd5 13. Nxd5 Nxd5 14. Bxd5 Bc6 15.
Be3 Qa5 16. Bb3 d5 17. Qd2 Qxd2 18. Bxd2 a5 19. c3 a4 20. Bc2 a3 21. b3 e5 $15
{Hartoch,R-Smyslov,V/Donner mem-B/1994/}) 8... Bd7 $146 {A logical novelty.
Beim understands the position well and plays a strategically model game.} (8...
c6 $6 9. b4 Nc4 10. dxc6 d5 (10... bxc6 11. Nd4 $16) 11. cxb7 Bxb7 12. Nd2 Qc8
13. Na4 Nd7 14. Nb3 Bc6 15. Nac5 Nxc5 16. Nxc5 d4 17. Bxc6 Qxc6 18. Qd3 Ne5 19.
Qb3 h5 20. Bf4 Nd7 21. Nxd7 Qxd7 22. Rfd1 e5 23. Bd2 Qg4 24. Re1 h4 25. c3 $16
{Sherbakov,V-Karasev,V/Blagoveshchensk/1988/}) 9. e4 c6 10. b3 {Limits the N,
but also weakens the <<.} (10. Re1 $5 $14) (10. a4 $5) 10... cxd5 11. exd5 {
[%cal Rc1e3,Re3d4] /\Be3-d4|^} Rc8 12. Bd2 (12. Bb2 $143 Qc7 $36 {[%csl Rc2]
[%cal Gc7c2] <->c|^><c2}) 12... b5 $1 (12... Qc7 13. a4 $5 {[%csl Ra5] פa5
cuts off the Knight.}) 13. a3 Re8 14. h3 a6 15. Nd4 $2 {A natural move, which
however White will regret deeply. It gives Black an important tempo and from
now on the game will be incredibly one-sided.} (15. Re1 $142 e5 16. dxe6 fxe6
17. Ng5 $5 $13) 15... Qb6 16. Nce2 (16. Nde2 $142 $5 e5 17. dxe6 fxe6 18. Be3
Qc7 $15) 16... e5 $1 17. dxe6 fxe6 18. Qe1 (18. Be3 Qc7 19. Rc1 e5 20. Nf3 Bf5
$17) 18... Nb7 19. Rc1 e5 20. Nf3 d5 $17 {[%csl Gd5,Ge5][%cal Gc8c3,Gf8f3] [+],
<->e,f,()} 21. Nh2 {Look where the N landed after it's unfortunate sally on
move 15!} (21. Bg5 Ne4 $40) 21... d4 22. Bg5 Nd6 {[%cal Rf6e4] /\Nfe4} 23. Bxf6
Bxf6 24. Qd2 (24. c3 $4 d3 $19) 24... Bc6 25. Bxc6 (25. c3 Bxg2 (25... Ne4 $5
$40) 26. Kxg2 Ne4 27. Qd3 Nc5 28. Qd1 d3 $40) 25... Qxc6 {[%cal Rd6e4,Re4g5] /
\Ne4-g5->} 26. h4 (26. f3 Nf5 27. Ng4 Bg7) 26... Ne4 27. Qd3 Nc5 28. Qd2 Qe6 {
[%cal Rd4d3] /\d3} 29. b4 $6 {Black's position plays itself easily and it's
difficult to offer any suggestion for White, but this weakening seems
unnecessary.} (29. Rfe1 d3 $1 30. Nf4 Qd7 31. Nxd3 e4 32. Qf4 exd3 33. Qxf6 d2
$19) (29. Rce1 Qd5 $17) 29... Ne4 30. Qd3 Nc3 31. Nxc3 Rxc3 32. Qe4 Qf5 $1 33.
Qd5+ (33. Ng4 Bg7 34. Rfe1 Qxe4 35. Rxe4 h5 36. Nh2 Bh6 $19) (33. Qxf5 gxf5 $19
{[%csl Ra3,Rc2,Gd4,Ge5,Gf5] _|_ק[+]}) (33. Rfe1 Qxe4 34. Rxe4 d3 $19) 33...
Kh8 34. Rfe1 e4 35. Qf7 Qe6 $1 {The most professional way. In the endgame
White can't defend all his weak pawns.} 36. Qxe6 {Avoiding the exchange gives
Black a raging attack-} (36. Qb7 e3 $40 (36... g5 $5 $19)) 36... Rxe6 $19 37.
Nf1 Rxa3 38. Nd2 e3 39. Nb3 (39. fxe3 dxe3 40. Nb3 Bc3 $19) 39... d3 40. Rxe3 (
40. fxe3 $142 dxc2 41. Nc5 Rexe3 42. Rxe3 Rxe3 43. Rxc2 (43. Kf2 Rc3 44. Ne4
Bd4+) 43... Rxg3+ 44. Kf2 Rg4 $19) 40... Rxe3 41. fxe3 dxc2 42. Nd4 (42. Nc5
Ra1 $19) 42... Rxe3 (42... Rxe3 43. Nxc2 Rxg3+ 44. Kf2 Rc3 45. Ke2 Bxh4 46. Kd2
Bg5+ $19) 0-1

[Event "Groningen PCA"]
[Site "Groningen"]
[Date "1993.??.??"]
[Round "11"]
[White "Gulko, Boris F"]
[Black "Sokolov, Ivan"]
[Result "1/2-1/2"]
[WhiteElo "2635"]
[BlackElo "2610"]
[Annotator "Stohl,I"]
[PlyCount "111"]
[EventDate "1993.12.??"]
[EventType "swiss"]
[EventRounds "11"]
[EventCountry "NED"]
[SourceTitle "CBM 039"]
[Source "ChessBase"]
[SourceDate "1994.04.01"]
[SourceVersion "1"]
[SourceVersionDate "1994.04.01"]
[SourceQuality "1"]

1. d4 Nf6 2. Nf3 g6 3. g3 Bg7 4. Bg2 O-O 5. O-O d6 6. b3 (6. c4 {-E6}) (6. a4
$5 a5 7. Nc3 Nbd7 (7... Na6 8. e4 Bg4 9. Bg5 h6 10. Be3 c6 11. Qc1 Bxf3 12.
Bxf3 Kh7 13. Kg2 e5 14. dxe5 dxe5 15. Be2 Qe7 16. Bxa6 Rxa6 17. f3 $14 {
Doroshkievich,V-Ryskin,A/Sochi/1993/}) 8. e4 e5 {-B07} 9. h3 Re8 10. Re1 b6 11.
Bg5 h6 12. Be3 Bb7 13. d5 Rf8 14. Nh2 Ne8 15. Qd2 Kh7 16. g4 Qe7 17. Ne2 Nc5
18. Ra3 Nf6 19. Ng3 $13 {Kengis,E-David,Al/Prague/1993/}) (6. Re1 Nc6 7. d5 $5
Nb4 8. c4 Bf5 9. Na3 c6 10. Nd4 Bd7 11. Bd2 c5 12. Bxb4 cxb4 13. Nac2 Qb6 14.
Qd2 a5 15. Rad1 Qc5 16. b3 b5 17. Nxb5 Bxb5 18. cxb5 Nd7 $10 {Garcia Palermo,
C-Stohl,I/Mitropa-Cup/1993/}) 6... c6 (6... c5 $5 7. Bb2 cxd4 8. Nxd4 d5 9. c4
e5 10. Nf3 e4 11. Nd4 dxc4 12. bxc4 Nc6 13. Nxc6 bxc6 14. Nc3 Qb6 15. Qb3 Re8
16. Rad1 Qxb3 17. axb3 Rb8 18. Na4 Rxb3 19. Bxf6 Bxf6 20. Nc5 Rb2 21. Nxe4 Kg7
22. e3 Bg4 23. Nxf6 Kxf6 24. Rd6+ Re6 $44 {Ree,H-Cifuentes Parada,R/NL-ch/1993/
}) 7. Bb2 b5 $5 $146 (7... Qa5 8. Nbd2 (8. Re1 Qh5 9. e4 Bg4 10. Nbd2 Nbd7 11.
Nf1 d5 $5 12. exd5 Nxd5 13. c4 Nb4 14. a3 Na6 15. Rxe7 Rad8 16. Re1 Ne5 $1 17.
Re3 Nc5 18. N1d2 Ned3 19. Bc3 Rfe8 20. Qe2 $14 {Kristiansen,B-Hebden,M/
Hastings II/1989/}) 8... Qh5 9. Re1 $142 (9. e4 Bg4 10. Re1 Nbd7 11. a4 Rfe8
12. Nc4 d5 13. exd5 Nxd5 14. Re4 f5 15. Re1 f4 16. Qe2 Rf8 17. Rf1 Rae8 18.
Rae1 Kh8 $36 {Kosic,D-Poluliakhov,A/Podgorica/1993/}) 9... Bh3 10. Bh1 $13) (
7... a5 8. c4 Bf5 9. Nc3 Qc8 10. Re1 Ne4 11. Na4 Nd7 12. Nh4 b5 13. Nxf5 gxf5
14. cxb5 cxb5 15. Rc1 Qb7 16. Nc3 d5 17. Qd3 Rab8 18. Rc2 e6 $132 {Walti,R-Hug,
M/SWZ-tt/1993/}) (7... Bg4 8. Nbd2 Nbd7 9. Re1 Re8 10. e4 Qc7 11. e5 Nd5 12. h3
Bxf3 13. Nxf3 dxe5 14. dxe5 Nf8 15. Qe2 Red8 16. h4 e6 17. h5 $36 {Dizdar,
G-Rasmussen,L/Lugano op/1989/}) (7... Bf5 8. Nbd2 Ne4 9. Nh4 Nxd2 10. Qxd2 Bc8
11. c4 d5 12. Rac1 Be6 13. Rfd1 Qd7 14. Nf3 f6 15. h4 Na6 16. Ne1 Bf5 17. Kh2
Rfd8 18. Nd3 Bxd3 19. Qxd3 f5 $10 {Darius,H-Maiwald,J/BL 9192/1992/}) 8. Nbd2
Nbd7 9. e4 Rb8 10. Re1 Nb6 11. Qe2 (11. e5 $142 Nfd5 12. c4 (12. Ne4 b4 $5 13.
a3 a5 $13) 12... bxc4 13. bxc4 Nb4 14. Bc3 $14 {()}) 11... a5 12. h3 (12. c4 $6
bxc4 13. Nxc4 Ba6 $36 14. Nfd2 a4) 12... Qc7 13. Rac1 Qa7 14. a3 b4 $1 $13 15.
c4 $6 (15. Ra1 Ba6 16. Qe3 $10) 15... bxc3 16. Bxc3 Bh6 $1 {/\Ba6|^} 17. Bf1 d5
$1 18. exd5 (18. e5 Ne4 19. Nxe4 dxe4 20. Qxe4 Bxc1 21. Rxc1 Nd5 $15) 18...
Nbxd5 $36 {><b3,d4,Bc3} 19. Ba1 Rb6 20. Rc5 (20. Ne5 $5 $15) 20... Nd7 21. Rc2
Ba6 22. Qe4 N7f6 23. Qe5 Bxf1 24. Kxf1 Qd7 25. Kg2 Nh5 $1 $17 {->׻,/\Nhf4} 26.
Rh1 $8 f6 (26... Ng7 $5 {/\Ne6,Rd8,Bg7 ><d4}) 27. Qe4 f5 28. Qe5 (28. Ne5 $142
$5) 28... Rf6 29. Re1 $2 (29. Qe1 {[]} Bxd2 30. Nxd2 Re6 $17) 29... Bf4 $1 30.
gxf4 (30. Qe2 Bxg3 $1 31. fxg3 Nhf4+ $19) 30... Nhxf4+ 31. Kg3 Re6 32. Qxf4
Nxf4 33. Kxf4 Rxe1 34. Nxe1 Qd6+ 35. Kf3 Qxa3 $19 36. Bc3 Rxb3 $2 (36... a4 $1
37. bxa4 Rb2 $3 38. Rxb2 Qxc3+ $19) 37. Nxb3 Qxb3 38. Ke2 a4 39. Kd2 $17 a3 40.
Nd3 g5 (40... a2 41. Ba1 Qb1 42. Rc1 $15) 41. Ne5 a2 42. Nxc6 e6 $2 (42...
Qxc3+ $8 43. Rxc3 a1=Q 44. Nxe7+ Kf7 45. Nxf5 Ke6 $15) 43. Rc1 Kg7 44. Nb4 $1
$14 {/\Ra1-a2} Kg6 45. Ra1 Kh5 46. Rxa2 Kh4 47. Ra7 h5 48. Rg7 f4 (48... g4 $5
49. hxg4 hxg4 $14) 49. f3 Qb1 50. Nd3 Qf1 51. Kc2 $1 Qg2+ (51... Qxf3 52. Be1+
Kxh3 53. Rxg5 $16 {/\Rh5,Bd2}) 52. Bd2 Qe2 53. Rg8 $1 Qxf3 (53... Qg2 $2 54.
Nxf4 $18) (53... Qh2 54. Kc3 {/\Be1}) 54. Be1+ Kxh3 55. Rxg5 h4 56. Nf2+ $6 (
56. Rh5 $1 $16) (56. Bd2 $16) 1/2-1/2

[Event "St Petersburg-ch"]
[Site "St Petersburg"]
[Date "1995.??.??"]
[Round "11"]
[White "Taimanov, Mark E"]
[Black "Solozhenkin, Evgeniy"]
[Result "1/2-1/2"]
[WhiteElo "2505"]
[BlackElo "2480"]
[Annotator "Stohl,I"]
[PlyCount "84"]
[EventDate "1995.04.??"]
[EventType "tourn"]
[EventRounds "12"]
[EventCountry "RUS"]
[EventCategory "9"]
[SourceTitle "CBM 047"]
[Source "ChessBase"]
[SourceDate "1995.08.01"]
[SourceVersion "1"]
[SourceVersionDate "1995.08.01"]
[SourceQuality "1"]

1. Nf3 Nf6 2. b3 g6 3. Bb2 Bg7 4. g3 d6 (4... c5 5. c4 d6 {/\e5} 6. d4 Ne4 $1
7. Bg2 Qa5+ 8. Nbd2 (8. Nfd2 $142 $5 Nxd2 9. Bc3) 8... Nc6 9. e3 O-O 10. a3
Nxd2 11. Qxd2 Qxd2+ 12. Kxd2 Bg4 13. Kc1 Na5 14. Nd2 Rab8 15. dxc5 dxc5 16.
Bxg7 Kxg7 17. h3 Be6 18. a4 Rfd8 19. Rb1 a6 20. Ne4 Bf5 21. g4 Bxe4 22. Bxe4 b5
23. cxb5 axb5 24. Rd1 $10 {Smyslov,V-Chiburdanidze,M/Wien/1993/}) 5. d4 (5. Bg2
e5 $13) 5... c5 $5 (5... O-O 6. Bg2 {-E6}) 6. Bg2 (6. dxc5 Qa5+ (6... dxc5 7.
Qxd8+ Kxd8 8. Ne5 $14) 7. Nbd2 Qxc5 {/\Ng4-+} 8. a3 $5 (8. Bd4 Qh5 9. Bg2 Bh3
10. O-O Nc6 11. Bb2 O-O 12. c4 Rad8 13. Bxh3 Qxh3 14. e4 Ng4 15. Bxg7 Kxg7 16.
Re1 f5 17. exf5 Rxf5 $40 {Stummer,A-Horvath,Jo/Budapest Nuovo/1992/}) 8... O-O
(8... Ng4 $2 9. Ne4 $18) 9. b4 (9. Bg2 $2 Ng4 10. Ne4 Nxf2 $1 11. Nxc5 Nxd1 12.
Bxg7 Kxg7 $17) 9... Qc7 10. Bg2 b6 $10) 6... cxd4 7. Nxd4 d5 $1 {[+]} 8. O-O
O-O 9. c4 (9. Nd2 e5 10. N4f3 e4 11. Nd4 e3 $1 12. fxe3 Ng4 $36) 9... dxc4 10.
bxc4 (10. Na3 e5 11. Nf3 e4 $15 {/\cb3}) 10... Qb6 11. Qb3 Nfd7 $5 (11... Na6
12. Nd2 Rd8 13. Rab1 Ng4 14. N4f3 Qxb3 15. axb3 Nb4 16. Ne4 Bxb2 17. Rxb2 b6
18. h3 Bb7 19. Nfd2 Ne5 20. Nf6+ exf6 21. Bxb7 Rab8 22. Bg2 f5 23. Ra1 Rd7 24.
Nf1 Rbd8 25. Ne3 Nec6 $10 {Taimanov,M-Kochyev,A/St.Petersburg-ch/1995/}) 12.
Rd1 Na6 13. Na3 Nac5 14. Qxb6 Nxb6 (14... axb6 15. Nab5 Na4 16. Ba3 $14) 15.
Rac1 Nba4 16. Ba1 a6 (16... Bd7 $5 17. Rb1 Rab8 18. Nab5 $132) 17. Nac2 (17.
Nb3 $6 Bxa1 18. Rxa1 Be6 $15) 17... Bd7 $10 18. Nb4 Rfd8 19. Nb3 (19. Nd5 e6
20. Nc3 Nxc3 21. Bxc3 Ba4 $15) 19... Bxa1 20. Rxa1 Be6 21. Nxc5 Rxd1+ (21...
Nxc5 $5 22. Nd5 $1 $132 {/\Nb6,Nc7} (22. Nd3 Nxd3 23. exd3 Rab8 $15)) 22. Rxd1
Nxc5 23. Nd5 Kf8 24. Nc7 (24. Nb6 Rb8 {/\Ke8,Rd8=/+,׫}) 24... Rb8 (24... Rc8
25. Nxe6+ fxe6 26. Rb1 $10) 25. Nxe6+ Nxe6 26. f4 Nc5 (26... b6 27. Kf2 Rc8 28.
Bb7 Rxc4 29. Bxa6 Ra4 30. Bb5 Rxa2 31. Bc4 $44) 27. Kf2 Rc8 28. Ke3 e6 29. g4
Ke7 30. g5 Rc7 (30... b6 31. Rb1 Rb8 32. Kd4 $10) 31. Rb1 Rd7 32. h4 Kf8 33.
Bf3 Kg7 34. h5 Kf8 (34... h6 $142 $10) 35. Rb2 (35. h6 $5) 35... Ke7 36. Rb1
Kd8 37. Rb2 Kc7 38. Rd2 Rxd2 39. Kxd2 Kd6 40. Ke3 b6 41. Kd4 Nd7 42. e3 Nc5 (
42... e5+ 43. Kc3 {><f7}) (42... Nc5 43. hxg6 hxg6 44. Bg2 $10) 1/2-1/2

[Event "Bermuda-A"]
[Site "Bermuda"]
[Date "1995.??.??"]
[Round "9"]
[White "Frias Pablaza, Victor J"]
[Black "Norwood, David"]
[Result "0-1"]
[WhiteElo "2495"]
[BlackElo "2545"]
[Annotator "Stohl,I"]
[PlyCount "64"]
[EventDate "1995.01.??"]
[EventType "tourn"]
[EventRounds "9"]
[EventCountry "BER"]
[EventCategory "10"]
[SourceTitle "CBM 046"]
[Source "ChessBase"]
[SourceDate "1995.06.01"]
[SourceVersion "1"]
[SourceVersionDate "1995.06.01"]
[SourceQuality "1"]

1. d4 g6 2. Nf3 Bg7 3. g3 c5 4. c3 $5 (4. d5 Nf6 5. Bg2 O-O 6. O-O d6 7. c4 e6
8. Nc3 exd5 9. cxd5 {-A6}) 4... Nf6 (4... cxd4 5. cxd4 d5 6. Bg2 Nf6 7. O-O O-O
$10 {-D79}) 5. Bg2 (5. dxc5 $5 a5 6. Be3 $13) 5... O-O 6. O-O Na6 $5 7. b3 $6
$146 (7. d5 Nc7 8. c4 b5 $5 $15) (7. Na3 d5 8. Bf4 $10) (7. Nbd2 d5 (7... cxd4
8. cxd4 d6 9. h3 Rb8 10. Re1 Bd7 11. a3 Qc8 12. Kh2 d5 13. Ne5 Bf5 14. Nd3 Bxd3
15. exd3 e6 16. Nf3 b5 17. Bf4 Rb6 18. Rc1 Qb7 19. b4 Rc8 20. Rc5 $5 Nxc5 21.
dxc5 $44 {Pilz,D-Frosch,E/OST-chT9394/1994/}) 8. Ne5 Bf5 9. a3 cxd4 10. cxd4
Qb6 11. Ndf3 Rac8 12. b4 Nc7 13. Bg5 Nb5 14. e3 Nc3 15. Qe1 h6 16. Bxf6 exf6
17. g4 Be6 18. Nd3 Bxg4 19. Nc5 Nb5 $17 {Wohlfahrt,H-Beck,H/OST-chT9394/1994/})
(7. Re1 d5 8. Ne5 Be6 9. Na3 cxd4 10. cxd4 Nd7 11. Nf3 Qb6 12. Qb3 Qxb3 13.
axb3 Nb4 14. Bd2 Nc6 15. e3 Nb6 16. b4 a6 17. Rec1 Bd7 18. Bf1 Rfc8 19. b5 axb5
20. Bxb5 $10 {Petran,Pa-Holzke,F/Budapest Elekes/1992/}) 7... d5 8. Bb2 Bf5 9.
Nbd2 Rc8 10. Rc1 (10. c4 $5 $10) 10... Qa5 11. a3 Ne4 $15 12. b4 cxb4 13. axb4
(13. cxb4 Qb5 {|^<->c}) 13... Qb5 {ץb2} 14. Nh4 Bg4 15. f3 (15. Bf3 Bxf3 16.
Nhxf3 Nd6 $15) 15... Nxd2 16. Qxd2 Be6 17. f4 (17. e4 dxe4 18. fxe4 Bc4 19.
Rfe1 Nc7 $15) 17... f5 18. Ra1 Qb6 {/\Nc7-e8} 19. Ra5 (19. Nf3 $142 $15) 19...
Nc7 20. Nf3 Bd7 21. Ne5 Bb5 22. Qe3 a6 (22... e6 $142 $5 {/\Ne8}) 23. g4 e6 24.
Bf3 (24. gxf5 Rxf5 25. Bh3 $15 {<=>}) 24... Ne8 25. gxf5 Rxf5 26. Bg4 Rf6 27.
Qh3 Qd6 28. Bc1 $2 (28. Re1 {/\e4<=>} Nc7 29. e4 Rcf8 $15) 28... h5 $1 29. Bf3
Rxc3 $19 {/\Qb4,Be2} 30. Bd2 Qxb4 $1 31. Bxc3 Qxc3 32. Raa1 (32. Rxb5 Qxd4+ 33.
Kh1 axb5 $19) 32... Bxe2 $1 (32... Bxe2 33. Rfe1 Qxd4+ 34. Kh1 Bxf3+ 35. Nxf3
Qxf4 $19) 0-1